[Event "Mecklenburg VP LL2 Ost 1011"]
[Site "Mecklenburg VP"]
[Date "2010.11.14"]
[Round "3.1"]
[White "Toedtmann, Helmut"]
[Black "Schmidt, Peter"]
[Result "1-0"]
[WhiteElo "1750"]
[BlackElo "2085"]
[PlyCount "133"]
[EventDate "2010.10.10"]
[EventType "team-tourn"]
[EventRounds "9"]
[EventCountry "GER"]
[SourceTitle "EXT 2022"]
[Source "ChessBase"]
[SourceDate "2021.10.06"]
[SourceVersion "1"]
[SourceVersionDate "2021.10.06"]
[SourceQuality "1"]
[WhiteTeam "Waterkant Saal SV"]
[BlackTeam "Wolgast Motor"]
[WhiteTeamCountry "GER"]
[BlackTeamCountry "GER"]

1. e4 g6 2. d4 Bg7 3. Nf3 d6 4. Bd3 Nc6 5. c3 e5 6. d5 Nce7 7. c4 f5 8. Nc3 Nf6 9. Bd2 0-0 10. Qc1 c6 11. dxc6 bxc6 12. 0-0 d5 13. cxd5 cxd5 14. exd5 e4 15. d6 exf3 16. Bc4+ Kh8 17. dxe7 Qxe7 18. Nd5 Qb7 19. Nxf6 fxg2 20. Re1 Bxf6 21. Bc3 Qg7 22. Bxf6 Qxf6 23. Bd5 Rb8 24. Qc7 Rxb2 25. Re7 Qh4 26. Qe5+ Qf6 27. Qxf6+ Rxf6 28. Re8+ Kg7 29. Rxc8 Rd6 30. Rc7+ Kh6 31. Rc5 Kg5 32. Kxg2 h5 33. Rac1 Rd2 34. Bb3 h4 35. h3 Re2 36. Rd5 Rb6 37. Kf3 Re7 38. Rcd1 Rc6 39. Rd6 Rc3+ 40. R1d3 Rc1 41. Re6 Rec7 42. Rdd6 R1c3+ 43. Kg2 Rg7 44. Rf6 Rcc7 45. Rf8 Kf4 46. Rd4+ Kg5 47. Rh8 Rh7 48. Rxh7 Rxh7 49. Ba4 Re7 50. Rd7 Re2 51. Bb3 a5 52. a4 Rb2 53. Bc4 Rb4 54. Bb5 Kf4 55. Rc7 Rb3 56. Rc4+ Kg5 57. Be8 Rb8 58. Bb5 Rd8 59. Rc6 Rf8 60. Ra6 f4 61. Kf3 Rd8 62. Rxa5 Rd5 63. Ra6 Kf5 64. Rc6 g5 65. Rc3 Rd1 66. Ra3 Rh1 67. Bd7+ 1-0

[Event "Mecklenburg VP LL2 Ost 0910"]
[Site "Mecklenburg VP"]
[Date "2010.03.21"]
[Round "8.4"]
[White "Toedtmann, Helmut"]
[Black "Patzenhauer, Max"]
[Result "1-0"]
[WhiteElo "1680"]
[BlackElo "1591"]
[PlyCount "72"]
[EventDate "2009.10.18"]
[EventType "team-tourn"]
[EventRounds "9"]
[EventCountry "GER"]
[SourceTitle "EXT 2016"]
[Source "ChessBase"]
[SourceDate "2015.10.08"]
[SourceVersion "1"]
[SourceVersionDate "2015.10.08"]
[SourceQuality "1"]
[WhiteTeam "Saal Waterkant"]
[BlackTeam "Wolgast Motor"]
[WhiteTeamCountry "GER"]
[BlackTeamCountry "GER"]

1. e4 e6 2. d4 d5 3. Nc3 dxe4 4. Nxe4 Nd7 5. Nf3 Ngf6 6. Bd3 Nxe4 7. Bxe4 Nf6 8. Bd3 Be7 9. 0-0 0-0 10. c3 b6 11. h3 Bb7 12. Re1 Rc8 13. Qe2 h6 14. Ne5 c5 15. Be3 Qd5 16. f3 Qd8 17. Rad1 Qc7 18. Qd2 Nd5 19. Bxh6 cxd4 20. cxd4 Bb4 21. Qg5 f6 22. Qg6 fxe5 23. Qh7+ Kf7 24. Qxg7+ Ke8 25. Bg6+ Kd8 26. Bg5+ Be7 27. Qxf8+ Kd7 28. Qh6 Bxg5 29. Qxg5 exd4 30. Rxd4 Qc5 31. Qe5 Rc6 32. Bf7 Qe7 33. Rxd5+ Kc8 34. Bxe6+ Rxe6 35. Qxe6+ Qxe6 36. Rxe6 Bxd5 1-0

[Event "Mecklenburg VP LL2 Ost 0809"]
[Site "Mecklenburg VP"]
[Date "2009.03.01"]
[Round "7.4"]
[White "Toedtmann, Helmut"]
[Black "Schulz, Ronald"]
[Result "1/2-1/2"]
[WhiteElo "1682"]
[BlackElo "1634"]
[PlyCount "116"]
[EventDate "2008.09.28"]
[EventType "team-tourn"]
[EventRounds "9"]
[EventCountry "GER"]
[SourceTitle "EXT 2022"]
[Source "ChessBase"]
[SourceDate "2021.10.06"]
[SourceVersion "1"]
[SourceVersionDate "2021.10.06"]
[SourceQuality "1"]
[WhiteTeam "Waterkant Saal SV"]
[BlackTeam "Neubrandenburg SV Turbine"]
[WhiteTeamCountry "GER"]
[BlackTeamCountry "GER"]

1. e4 d5 2. exd5 Nf6 3. Bb5+ Bd7 4. Bc4 b5 5. Bb3 Bg4 6. Nf3 Nxd5 7. Qe2 c6 8. Nc3 Nxc3 9. dxc3 e6 10. Bf4 Be7 11. Rd1 Qb6 12. h3 Bxf3 13. Qxf3 Nd7 14. 0-0 Nf6 15. Bd6 Rd8 16. Bxe7 Kxe7 17. c4 b4 18. c3 a5 19. Ba4 c5 20. Bc2 bxc3 21. Qxc3 Qb4 22. Qxb4 axb4 23. a3 Rxd1 24. Rxd1 Rd8 25. Rxd8 Kxd8 26. axb4 cxb4 27. Kf1 Nd7 28. Ke2 h6 29. Ke3 Kc7 30. Kd4 Kd6 31. c5+ Nxc5 32. Kc4 g5 33. Kxb4 f5 34. Ka5 f4 35. b4 Nd7 36. Ba4 Nf6 37. b5 Kc7 38. Bb3 e5 39. b6+ Kb8 40. Kb5 e4 41. Kc4 e3 42. fxe3 fxe3 43. Kd3 e2 44. Kxe2 Kb7 45. Ke3 Kxb6 46. Kd4 g4 47. h4 Kc6 48. Ke5 Nd7+ 49. Kf5 Nc5 50. Bc2 g3 51. Kf4 Ne6+ 52. Kxg3 Kd6 53. Bb3 Ng7 54. Kf4 Ke7 55. Ke5 Nh5 56. Kf5 Kf8 57. g4 Kg7 58. Ba4 Nf6 1/2-1/2

[Event "Mecklenburg VP LL2 Ost 0809"]
[Site "Mecklenburg VP"]
[Date "2008.12.14"]
[Round "4.4"]
[White "Toedtmann, Helmut"]
[Black "Wegner, Michael"]
[Result "1-0"]
[WhiteElo "1682"]
[BlackElo "1749"]
[PlyCount "69"]
[EventDate "2008.09.28"]
[EventType "team-tourn"]
[EventRounds "9"]
[EventCountry "GER"]
[SourceTitle "EXT 2022"]
[Source "ChessBase"]
[SourceDate "2021.10.06"]
[SourceVersion "1"]
[SourceVersionDate "2021.10.06"]
[SourceQuality "1"]
[WhiteTeam "Waterkant Saal SV"]
[BlackTeam "Rostock SSC 07 III"]
[WhiteTeamCountry "GER"]
[BlackTeamCountry "GER"]

1. e4 e5 2. Nf3 Nc6 3. Bb5 d6 4. d4 exd4 5. Nxd4 Bd7 6. Nc3 Nxd4 7. Bxd7+ Qxd7 8. Qxd4 Ne7 9. Be3 Nc6 10. Qa4 Be7 11. Nd5 0-0 12. 0-0-0 a6 13. Qc4 Rac8 14. f4 Qg4 15. Rhg1 Bd8 16. Rdf1 Na5 17. Qc3 b6 18. h3 Qe6 19. Qd3 b5 20. f5 Qe8 21. f6 g6 22. Bh6 c6 23. Ne7+ Bxe7 24. fxe7 Qxe7 25. Qc3 Qe5 26. Qxa5 Rfe8 27. Re1 c5 28. Qd2 b4 29. Qd5 Re6 30. Qxe5 dxe5 31. Be3 f5 32. exf5 gxf5 33. g4 fxg4 34. Rxg4+ Kf7 35. Rh4 1-0

[Event "Mecklenburg VP LL2 Ost 0708"]
[Site "Mecklenburg VP"]
[Date "2008.01.20"]
[Round "5.4"]
[White "Toedtmann, Helmut"]
[Black "Romoth, Lars"]
[Result "0-1"]
[WhiteElo "1638"]
[BlackElo "1711"]
[PlyCount "62"]
[EventDate "2007.10.21"]
[EventType "team-tourn"]
[EventRounds "9"]
[EventCountry "GER"]
[SourceTitle "EXT 2016"]
[Source "ChessBase"]
[SourceDate "2015.10.08"]
[SourceVersion "1"]
[SourceVersionDate "2015.10.08"]
[SourceQuality "1"]
[WhiteTeam "Saal Waterkant"]
[BlackTeam "Gryps SV"]
[WhiteTeamCountry "GER"]
[BlackTeamCountry "GER"]

1. g3 d5 2. Bg2 e5 3. d3 Be6 4. Nf3 Nc6 5. 0-0 Be7 6. Nbd2 Nf6 7. c4 Qd7 8. a3 Bh3 9. cxd5 Nxd5 10. Qb3 Nb6 11. Nc4 Nxc4 12. Qxc4 f6 13. b4 a6 14. Bb2 h5 15. Nh4 Bxg2 16. Kxg2 0-0-0 17. Ng6 Rh6 18. Nxe7+ Nxe7 19. a4 h4 20. g4 Nd5 21. e3 Rg6 22. h3 f5 23. Kf3 fxg4+ 24. hxg4 Rf8+ 25. Ke2 Rxg4 26. Qc5 Re8 27. Qa7 Qd6 28. Ba3 Qb6 29. Qxb6 Nxb6 30. a5 Nd5 31. Rab1 Nc3+ 0-1

[Event "Mecklenburg VP LL2 Ost 0708"]
[Site "Mecklenburg VP"]
[Date "2007.12.09"]
[Round "4.3"]
[White "Toedtmann, Helmut"]
[Black "Wittig, Harry"]
[Result "1/2-1/2"]
[WhiteElo "1638"]
[BlackElo "1954"]
[PlyCount "44"]
[EventDate "2007.10.21"]
[EventType "team-tourn"]
[EventRounds "9"]
[EventCountry "GER"]
[SourceTitle "EXT 2016"]
[Source "ChessBase"]
[SourceDate "2015.10.08"]
[SourceVersion "1"]
[SourceVersionDate "2015.10.08"]
[SourceQuality "1"]
[WhiteTeam "Saal Waterkant"]
[BlackTeam "Waren"]
[WhiteTeamCountry "GER"]
[BlackTeamCountry "GER"]

1. e4 c5 2. Nf3 Nc6 3. d4 cxd4 4. Nxd4 g6 5. Nc3 Bg7 6. Be3 Nf6 7. Be2 0-0 8. Qd2 d5 9. exd5 Nxd5 10. Nxd5 Nxd4 11. Bxd4 Qxd5 12. Bxg7 Qxd2+ 13. Kxd2 Kxg7 14. Bf3 Bf5 15. Rad1 Rac8 16. c3 Rc7 17. Rhe1 Be6 18. b3 b5 19. Kc2 Rfc8 20. Re3 Rc5 21. Kb2 a5 22. Rd4 h5 1/2-1/2

[Event "Mecklenburg VP LL1 0607"]
[Site "Mecklenburg VP"]
[Date "2007.04.22"]
[Round "9.3"]
[White "Toedtmann, Helmut"]
[Black "Buehrig, Daniel"]
[Result "0-1"]
[WhiteElo "1609"]
[BlackElo "1666"]
[PlyCount "106"]
[EventDate "2006.10.15"]
[EventType "team"]
[EventRounds "9"]
[EventCountry "GER"]
[SourceTitle "EXT 2008"]
[Source "ChessBase"]
[SourceDate "2007.11.25"]
[SourceVersion "1"]
[SourceVersionDate "2007.11.25"]
[SourceQuality "1"]
[WhiteTeam "Saal Waterkant"]
[BlackTeam "Neubrandenburg SG Eintracht II"]
[WhiteTeamCountry "GER"]
[BlackTeamCountry "GER"]

1. e4 e5 2. Nf3 Nc6 3. Bb5 a6 4. Ba4 Bc5 5. 0-0 d6 6. c3 b5 7. Bc2 Bg4 8. d3 Qf6 9. Be3 Bb6 10. Nbd2 Nge7 11. Qe1 0-0 12. h3 Bd7 13. Bxb6 cxb6 14. Qe3 Rab8 15. d4 exd4 16. cxd4 Ng6 17. e5 dxe5 18. Bxg6 exd4 19. Bxh7+ Kxh7 20. Qe4+ Bf5 21. Qf4 Bd3 22. Qxf6 gxf6 23. Rfe1 Rbc8 24. Nb3 Rfd8 25. Red1 Be2 26. Rd2 Bxf3 27. gxf3 Ne5 28. Kf1 Nxf3 29. Rd3 Ne5 30. Rxd4 Nc4 31. Rad1 Rxd4 32. Rxd4 Kg6 33. Rd7 Nxb2 34. Ra7 a5 35. Rb7 Nc4 36. Rd7 b4 37. Rd5 Ne5 38. f4 Nc4 39. Kf2 Na3 40. Nd4 Rc5 41. Rxc5 bxc5 42. Nb3 Kf5 43. Kf3 Nb5 44. Nxc5 Nc3 45. Nb3 a4 46. Nc5 a3 47. h4 Nxa2 48. Nb3 Kg6 49. Kg4 f5+ 50. Kg3 Nc3 51. Nd4 a2 52. Nb3 Nb1 53. Kf2 Nd2 0-1

[Event "Mecklenburg VP LL1 0506"]
[Site "Mecklenburg VP"]
[Date "2006.03.12"]
[Round "8.4"]
[White "Dohnow, Thomas"]
[Black "Toedtmann, Helmut"]
[Result "0-1"]
[WhiteElo "1780"]
[BlackElo "1560"]
[PlyCount "68"]
[EventDate "2005.10.23"]
[EventType "team"]
[EventRounds "9"]
[EventCountry "GER"]
[SourceTitle "EXT 2008"]
[Source "ChessBase"]
[SourceDate "2007.11.25"]
[SourceVersion "1"]
[SourceVersionDate "2007.11.25"]
[SourceQuality "1"]
[WhiteTeam "Waren"]
[BlackTeam "Saal Waterkant"]
[WhiteTeamCountry "GER"]
[BlackTeamCountry "GER"]

1. c4 Nf6 2. Nc3 e5 3. Nf3 Nc6 4. d4 exd4 5. Nxd4 Bb4 6. a3 Bxc3+ 7. bxc3 0-0 8. Bg5 Ne5 9. e3 h6 10. Bh4 Ng6 11. Bxf6 Qxf6 12. Qf3 Qxf3 13. Nxf3 d6 14. Nd4 a6 15. Rb1 Ne5 16. Be2 Nc6 17. Nxc6 bxc6 18. Bf3 Bd7 19. Kd2 Rab8 20. Be4 Rb6 21. Kc2 Rfb8 22. Bd3 c5 23. Be4 Ba4+ 24. Kd2 Rb2+ 25. Rxb2 Rxb2+ 26. Kc1 Rxf2 27. Re1 Ra2 28. Kb1 Rxa3 29. Kb2 Rb3+ 30. Kc2 Rb6+ 31. Kd3 Rb2 32. Rc1 Bb3 33. Bd5 Ba2 34. Rf1 Bb1+ 0-1

[Event "Mecklenburg VP LL1 0506"]
[Site "Mecklenburg VP"]
[Date "2006.01.15"]
[Round "5.5"]
[White "Augstein, Joerg"]
[Black "Toedtmann, Helmut"]
[Result "1-0"]
[WhiteElo "1838"]
[BlackElo "1560"]
[PlyCount "117"]
[EventDate "2005.10.23"]
[EventType "team"]
[EventRounds "9"]
[EventCountry "GER"]
[SourceTitle "EXT 2008"]
[Source "ChessBase"]
[SourceDate "2007.11.25"]
[SourceVersion "1"]
[SourceVersionDate "2007.11.25"]
[SourceQuality "1"]
[WhiteTeam "Torgelow II"]
[BlackTeam "Saal Waterkant"]
[WhiteTeamCountry "GER"]
[BlackTeamCountry "GER"]

1. e4 e6 2. d4 d5 3. exd5 exd5 4. c4 Nf6 5. cxd5 Qxd5 6. Nf3 Bg4 7. Be2 Nc6 8. 0-0 0-0-0 9. Nc3 Qf5 10. Qb3 Nxd4 11. Nxd4 Rxd4 12. f3 Rb4 13. Qd1 Qc5+ 14. Kh1 Be6 15. a3 Rh4 16. g3 Rxh2+ 17. Kxh2 Qh5+ 18. Kg2 Qh3+ 19. Kf2 Bc5+ 20. Ke1 Rd8 21. Bd3 Bf5 22. Bxf5+ Qxf5 23. Qe2 Re8 24. Ne4 Qg6 25. Kd1 Nxe4 26. fxe4 Rxe4 27. Qf3 Qd6+ 28. Kc2 Re5 29. Bd2 Rd5 30. Rad1 Qg6+ 31. Kc1 Qc6 32. Kb1 Qg6+ 33. Ka1 Rd3 34. Qf5+ Qxf5 35. Rxf5 Be3 36. Bxe3 Rxd1+ 37. Ka2 Rd7 38. Re5 b6 39. Kb3 Kb7 40. Kc4 c5 41. a4 Kc6 42. Re8 a6 43. Rh8 h6 44. Bf4 Rd4+ 45. Kb3 Rd7 46. a5 Kb5 47. axb6 Kxb6 48. Rh7 f6 49. Bxh6 Rd3+ 50. Kc2 Rxg3 51. Bxg7 Rg2+ 52. Kb3 c4+ 53. Kc3 f5 54. Kxc4 f4 55. Bd4+ Kc6 56. Rh6+ Kb7 57. Rb6+ Kc7 58. Rxa6 f3 59. Rf6 1-0

[Event "Mecklenburg VP LL1 0405"]
[Site "Mecklenburg VP"]
[Date "2005.04.10"]
[Round "8.4"]
[White "Toedtmann, Helmut"]
[Black "Friedrich, Hermann"]
[Result "0-1"]
[WhiteElo "1582"]
[BlackElo "1963"]
[PlyCount "66"]
[EventDate "2004.10.24"]
[EventType "team"]
[EventRounds "9"]
[EventCountry "GER"]
[SourceTitle "EXT 2009"]
[Source "ChessBase"]
[SourceDate "2008.11.26"]
[SourceVersion "1"]
[SourceVersionDate "2008.11.26"]
[SourceQuality "1"]
[WhiteTeam "Waterkant Saal SV"]
[BlackTeam "Neubrandenburg SV Turbine"]
[WhiteTeamCountry "GER"]
[BlackTeamCountry "GER"]

1. e4 e5 2. Nf3 Nc6 3. Bb5 a6 4. Ba4 Nf6 5. 0-0 b5 6. Bb3 Be7 7. Re1 d6 8. c3 0-0 9. d4 Bg4 10. Be3 Na5 11. Bc2 Nc4 12. Bc1 Nd7 13. b3 Ncb6 14. Nbd2 c6 15. h3 Bh5 16. Nf1 Bg6 17. Ng3 Re8 18. Nf5 Bf8 19. N3h4 d5 20. Bb2 Qc7 21. Nxg6 hxg6 22. Ng3 dxe4 23. Nxe4 Rad8 24. Qf3 exd4 25. cxd4 Nd5 26. Ng5 N7f6 27. Bxg6 fxg6 28. Ne6 Qa5 29. Re5 Rc8 30. Rae1 b4 31. R1e2 Bd6 32. Rg5 Qxa2 33. Bc1 Qb1 0-1

[Event "Mecklenburg VP LL1 0405"]
[Site "Mecklenburg VP"]
[Date "2004.12.12"]
[Round "4.4"]
[White "Wittig, Harry"]
[Black "Toedtmann, Helmut"]
[Result "1-0"]
[WhiteElo "2013"]
[BlackElo "1582"]
[PlyCount "87"]
[EventDate "2004.10.24"]
[EventType "team"]
[EventRounds "9"]
[EventCountry "GER"]
[SourceTitle "EXT 2009"]
[Source "ChessBase"]
[SourceDate "2008.11.26"]
[SourceVersion "1"]
[SourceVersionDate "2008.11.26"]
[SourceQuality "1"]
[WhiteTeam "Waren"]
[BlackTeam "Waterkant Saal SV"]
[WhiteTeamCountry "GER"]
[BlackTeamCountry "GER"]

1. d4 Nf6 2. c4 g6 3. g3 Bg7 4. Bg2 d5 5. cxd5 Nxd5 6. Nf3 0-0 7. 0-0 Nd7 8. e4 N5b6 9. Nc3 c5 10. d5 Ne5 11. Nxe5 Bxe5 12. Bh6 Re8 13. Re1 Nc4 14. Qe2 Nd6 15. Rac1 a6 16. Be3 b6 17. b3 Bd7 18. Qd2 Nb5 19. Nxb5 axb5 20. f4 Bg7 21. h3 b4 22. e5 Qc8 23. Kh2 Ra7 24. Re2 f6 25. e6 Bb5 26. Rf2 f5 27. g4 fxg4 28. hxg4 Qc7 29. Be4 Bc3 30. Rxc3 bxc3 31. Qxc3 Rf8 32. Kh3 c4 33. b4 Raa8 34. f5 Rf6 35. d6 Qxd6 36. Bxa8 gxf5 37. gxf5 Qd1 38. Bf3 Qb1 39. Rg2+ Kh8 40. Rg5 Qf1+ 41. Bg2 Qe2 42. Qe5 Be8 43. Bd4 Qd3+ 44. Rg3 1-0

[Event "Mecklenburg VP LL2 Ost 0304"]
[Site "Mecklenburg VP"]
[Date "2004.03.28"]
[Round "8.8"]
[White "Toedtmann, Helmut"]
[Black "Moschell, Hans Helmut"]
[Result "0-1"]
[WhiteElo "1531"]
[BlackElo "1873"]
[PlyCount "48"]
[EventDate "2003.09.28"]
[EventType "team-tourn"]
[EventRounds "9"]
[EventCountry "GER"]
[SourceTitle "EXT 2022"]
[Source "ChessBase"]
[SourceDate "2021.10.06"]
[SourceVersion "1"]
[SourceVersionDate "2021.10.06"]
[SourceQuality "1"]
[WhiteTeam "Saal"]
[BlackTeam "Neustrelitz TSG"]
[WhiteTeamCountry "GER"]
[BlackTeamCountry "GER"]

1. e4 d5 2. Nc3 d4 3. Nce2 c5 4. d3 Nc6 5. f4 e5 6. g3 f6 7. f5 Bd6 8. g4 Bd7 9. Ng3 Qe7 10. Nf3 0-0-0 11. Be2 Rf8 12. Bd2 Be8 13. Kf2 g6 14. b3 h5 15. gxh5 gxh5 16. Nh4 Qh7 17. Rg1 Nge7 18. Bf3 Rfg8 19. Qe2 Nd8 20. Nh1 Nf7 21. Rxg8 Rxg8 22. Bxh5 Ng5 23. Ng3 Nh3+ 24. Ke1 Bxh5 0-1

[Event "Mecklenburg VP LL2 Ost 0102"]
[Site "Mecklenburg VP"]
[Date "2001.11.11"]
[Round "2.8"]
[White "Toedtmann, Helmut"]
[Black "Kohn, Willibald"]
[Result "0-1"]
[WhiteElo "1574"]
[BlackElo "1645"]
[PlyCount "54"]
[EventDate "2001.10.07"]
[EventType "team-tourn"]
[EventRounds "9"]
[EventCountry "GER"]
[SourceTitle "EXT 2003"]
[Source "ChessBase"]
[SourceDate "2002.11.25"]
[SourceVersion "1"]
[SourceVersionDate "2002.11.25"]
[SourceQuality "1"]
[WhiteTeam "Saal Waterkant"]
[BlackTeam "Stralsund FHSG II"]
[WhiteTeamCountry "GER"]
[BlackTeamCountry "GER"]

1. e4 e5 2. Nf3 Nc6 3. Bb5 d6 4. d4 exd4 5. Nxd4 Bd7 6. Nc3 Nf6 7. 0-0 Be7 8. Nxc6 bxc6 9. Bc4 Be6 10. Bxe6 fxe6 11. e5 dxe5 12. Qe2 Bd6 13. Bg5 0-0 14. Qc4 Qe8 15. f4 Nd5 16. fxe5 Bxe5 17. Rxf8+ Kxf8 18. Re1 Bd6 19. Qe4 Qh5 20. h4 h6 21. g4 Qe8 22. Bd2 Kg8 23. Qxe6+ Qxe6 24. Rxe6 Rf8 25. Re4 Bc5+ 26. Kg2 Rf2+ 27. Kg3 Rxd2 0-1